Cooperativas campesinas /

Hlavní autor: Moulis, Miloslav, 1921-2010
Další autoři: Větvička, Miloš
Jazyk: Španělština
Vydáno: Praga : Svépomoc, 1963
Témata:
Fyzický popis: 80 s., příl.
Knihy
Uloženo v:
LEADER 01089nam a22003372a 4500
001 000954443
003 CZ BrMZK
005 20190318134733.0
007 ta
008 090710s1963 xr f erf||||||||||spa d
015 |a cnb000519652 
035 |a (OCoLC)85343609 
040 |a ABA001  |b cze  |d BOA001 
041 1 |a spa  |h cze 
043 |a e-cs--- 
072 7 |a 334  |x Formy organizace a spolupráce v ekonomice  |2 Konspekt  |9 4 
080 |a 334.73  |2 MRF 
080 |a (437)  |2 MRF 
080 |a (036)  |2 MRF 
100 1 |a Moulis, Miloslav,  |d 1921-2010  |7 jk01082200  |4 aut 
245 1 0 |a Cooperativas campesinas /  |c Miloslav Moulis, Miloš Větvička 
260 |a Praga :  |b Svépomoc,  |c 1963 
300 |a 80 s., příl. 
500 |a Přeloženo z češtiny 
650 0 7 |a družstevnictví  |7 ph119617  |z Československo  |2 czenas 
655 7 |a informační publikace  |7 fd132454  |2 czenas 
700 1 |a Větvička, Miloš  |7 jx20040623027  |4 aut 
910 |a BOA001  |b 1-0504.029 
990 |a BK 
991 |b 200907 
996 6 |b 2619447217  |c 1-0504.029  |l MZK  |r Sklad / do 1 hodiny  |n 0  |w 001086360  |u 000010  |a 1  |e BOA001  |j MZK50  |s P